|
|
|
|
| LEADER |
01034cam a2200253 7i4500 |
| 001 |
0000036656 |
| 005 |
20170605090000.0 |
| 008 |
110330 eng |
| 020 |
|
|
|a 9781855394773 (pbk.)
|
| 090 |
0 |
0 |
|a LB2900.5
|b .B66 2008
|
| 100 |
1 |
|
|a Bosher, Mike
|
| 245 |
1 |
0 |
|a Leading the leaders for the future :
|b a transformational opportunity
|c Mike Bosher and Patrick Hazlewood.
|
| 260 |
|
|
|a London:
|b Continuum Int. Pub. Group,
|c 2008.
|
| 300 |
|
|
|a xvii, 139 p.;
|c 25 cm.
|
| 490 |
0 |
|
|a Future schools
|
| 504 |
|
|
|a Includes bibliographical references and index
|
| 650 |
0 |
0 |
|a Education --
|x Curricula --
|z Great Britain
|
| 650 |
0 |
0 |
|a School improvement programs --
|z Great Britain
|
| 650 |
0 |
0 |
|a Educational leadership --
|z Great Britain
|
| 650 |
0 |
0 |
|a School management and organization --
|z Great Britain
|
| 700 |
1 |
|
|a Hazlewood, Patrick
|
| 997 |
|
|
|a Education & Social Sciences, Faculty
|b Education, Department
|
| 998 |
|
|
|a Education Management, Master
|
| 999 |
|
|
|a 0000047166
|b BOK
|c OPEN SHELF
|e 1st Floor, Bestari Jaya
|